| 000 | 00490nam a2200109Ia 4500 | ||
|---|---|---|---|
| 008 | 220216s9999 xx 000 0 und d | ||
| 100 | _aSankariammal L | ||
| 245 | 0 | _aClonal nursery evaluation of Wickham x Amazonian hybrids in rubber (Hevea brasiliensis)(Willd. ex Adr. de Juss.) Muell. Arg.) | |
| 260 | _bNational Conference on Developmental Biology, NACON D BIO 2010, 15-17 September 2010, Department of Botany, Bangalore University, Bangalore, pp. 88 | ||
| 700 | _aMydin K K | ||
| 942 | _cJS | ||
| 999 |
_c55721 _d55721 |
||